देहवाणी / (Record no. 57835)

MARC details
000 -LEADER
fixed length control field 00927nam a22002297a 4500
005 - DATE AND TIME OF LATEST TRANSACTION
control field 20110711140235.0
008 - FIXED-LENGTH DATA ELEMENTS--GENERAL INFORMATION
fixed length control field 110711t xxu||||| |||| 00| 0 mar d
010 ## - LCCN (DPL NO)
LC control number MAR-21474
020 ## - INTERNATIONAL STANDARD BOOK NUMBER
Terms of availability 190.00
035 ## - SYSTEM CONTROL NUMBER
System control number MR-14132
037 ## - SOURCE OF ACQUISITION
Source of stock number/acquisition DBAD/PUB
040 ## - CATALOGING SOURCE
Original cataloging agency DPL
Language of cataloging MR
082 ## - DEWEY DECIMAL CLASSIFICATION NUMBER
Classification number 153.69
100 ## - MAIN ENTRY--PERSONAL NAME
9 (RLIN) 29424
Personal name पेंडसे,अंजली
245 ## - TITLE STATEMENT
Title देहवाणी /
Statement of responsibility, etc अंजली पेंडसे
246 ## - VARYING FORM OF TITLE
Title proper/short title Dehavani
Remainder of title by Anjali Pendse
260 ## - PUBLICATION, DISTRIBUTION, ETC. (IMPRINT)
Place of publication, distribution, etc पुणे
Name of publisher, distributor, etc नीलकंठ प्रकाशन
Date of publication, distribution, etc 2011
270 ## - ADDRESS
Address 1643,सदाशिव पेठ
City पुणे
Postal code 411030
300 ## - PHYSICAL DESCRIPTION
Extent 139पृ.
Dimensions 22सेमी(अजिल्द)
942 ## - ADDED ENTRY ELEMENTS (KOHA)
Source of classification or shelving scheme Dewey Decimal Classification
Item type Marathi Books
Call number suffix पेंडसे
Classification part 153.69
Holdings
Withdrawn status Lost status Source of classification or shelving scheme Damaged status Not for loan Collection code Home library Current library Date acquired Source of acquisition Cost, normal purchase price Total Checkouts Full call number Barcode Date last seen Copy number Cost, replacement price Koha item type
    Dewey Decimal Classification   Not For Loan Non-fiction D.B.Act.Division D.B.Act.Division 21/10/2011 DBAD / PUB 190.00   153.69 पेंडसे MR-14132 21/10/2011 1 190.00 Marathi Books

© Delhi Public Library
Hit Counter
free hit counter